Regional report (Record no. 81588)

MARC details
000 -LEADER
fixed length control field 00841cab a22002295a 4500
001 - CONTROL NUMBER
control field L147626
008 - FIXED-LENGTH DATA ELEMENTS--GENERAL INFORMATION
fixed length control field 090529e20090522xxko f 000 0 eng d
035 ## - SYSTEM CONTROL NUMBER
System control number (Sirsi) u147626
041 0# - LANGUAGE CODE
Language code of text/sound track or separate title eng
100 1# - MAIN ENTRY--PERSONAL NAME
Personal name Eade, Christine
245 00 - TITLE STATEMENT
Title Regional report
Remainder of title Glos, Herefordshire, Worcs and Warks
260 ## - PUBLICATION, DISTRIBUTION, ETC.
Date of publication, distribution, etc. 2009
490 #0 - SERIES STATEMENT
Series statement Property Week
Volume/sequential designation 75(21) 22 May 2009, 47-52(4)
520 ## - SUMMARY, ETC.
Summary, etc. Surveys commercial property activity across the region, highlighting retail development by the Crown Estate in Worcester and plans for gardens and showground extensions at the Royal Agricultural Society of England at Stoneleigh.
590 ## - LOCAL NOTE (RLIN)
Local note KA
651 #4 - SUBJECT ADDED ENTRY--GEOGRAPHIC NAME
Geographic name Gloucestershire
651 #4 - SUBJECT ADDED ENTRY--GEOGRAPHIC NAME
Geographic name Herefordshire
651 #4 - SUBJECT ADDED ENTRY--GEOGRAPHIC NAME
Geographic name Worcestershire
651 #4 - SUBJECT ADDED ENTRY--GEOGRAPHIC NAME
Geographic name Warwickshire
690 ## - LOCAL SUBJECT ADDED ENTRY--TOPICAL TERM (OCLC, RLIN)
Topical term or geographic name as entry element PROPERTY-COMMERCIAL PROPERTY-COMMERCIAL PROPERTY MARKET
942 ## - ADDED ENTRY ELEMENTS (KOHA)
Suppress in OPAC 0
Holdings
Withdrawn status Lost status Source of classification or shelving scheme Damaged status Not for loan Home library Current library Shelving location Date acquired Total Checkouts Full call number Barcode Date last seen Copy number Price effective from Koha item type
    Dewey Decimal Classification     London London Journal article 29/05/2009   L147626 147626-1001 06/08/2019 1 06/08/2019 Journal article